000 01051nam a22002417a 4500
003 OSt
005 20251222092120.0
008 251220b |||||||| |||| 00| 0 eng d
020 _a9780521852111
020 _a9780521617581
040 _cDCL
041 _aEnglish
082 _a959.105
100 1 _aCharney, Michael W
245 1 0 _aA history of modern Burma /
_c Michael W. Charney.
260 _a Cambridge, UK ; New York :
_bCambridge University Press,
_c2009.
300 _axiii, 241 pages :
_billustrations, maps ;
_c22 cm.
502 _aBurma under colonial rule -- The colonial centre -- Self-government without independence, 1937-1947 -- The democratic experiment, 1948-1958 -- Dress rehearsals, 1958-1962 -- The revolutionary council -- The BSPP years -- Toward democracy, 1988-1990 -- Perpetual delay, 1990 to the present
504 _aIncludes bibliographical references (p. 230-233) and index
651 _aMyanmar
_xPolitics and government
_y1948-
651 _aMyanmar
_vHistory
_y1948-
942 _2ddc
_cSHORT TERM
_n0
999 _c2759
_d2759